<?xml version="1.0" encoding="UTF-8"?><?xml-stylesheet type="text/xsl" href="static/style.xsl"?><OAI-PMH xmlns="http://www.openarchives.org/OAI/2.0/" xmlns:xsi="http://www.w3.org/2001/XMLSchema-instance" xsi:schemaLocation="http://www.openarchives.org/OAI/2.0/ http://www.openarchives.org/OAI/2.0/OAI-PMH.xsd"><responseDate>2026-04-13T01:30:36Z</responseDate><request verb="GetRecord" identifier="oai:www.recercat.cat:11351/11334" metadataPrefix="marc">https://recercat.cat/oai/request</request><GetRecord><record><header><identifier>oai:recercat.cat:11351/11334</identifier><datestamp>2026-04-01T11:56:51Z</datestamp><setSpec>com_2072_378066</setSpec><setSpec>com_2072_378040</setSpec><setSpec>col_2072_378087</setSpec></header><metadata><record xmlns="http://www.loc.gov/MARC21/slim" xmlns:dcterms="http://purl.org/dc/terms/" xmlns:xsi="http://www.w3.org/2001/XMLSchema-instance" xmlns:doc="http://www.lyncode.com/xoai" xsi:schemaLocation="http://www.loc.gov/MARC21/slim http://www.loc.gov/standards/marcxml/schema/MARC21slim.xsd">
   <leader>00925njm 22002777a 4500</leader>
   <datafield ind2=" " ind1=" " tag="042">
      <subfield code="a">dc</subfield>
   </datafield>
   <datafield ind2=" " ind1=" " tag="720">
      <subfield code="a">Ramos Masdeu, Laia</subfield>
      <subfield code="e">author</subfield>
   </datafield>
   <datafield ind2=" " ind1=" " tag="720">
      <subfield code="a">Pastells-Peiró, Roland</subfield>
      <subfield code="e">author</subfield>
   </datafield>
   <datafield ind2=" " ind1=" " tag="720">
      <subfield code="a">Barcheni, Maggie</subfield>
      <subfield code="e">author</subfield>
   </datafield>
   <datafield ind2=" " ind1=" " tag="720">
      <subfield code="a">Sánchez-Font, Albert</subfield>
      <subfield code="e">author</subfield>
   </datafield>
   <datafield ind2=" " ind1=" " tag="720">
      <subfield code="a">Estrada-Sabadell, Maria D.</subfield>
      <subfield code="e">author</subfield>
   </datafield>
   <datafield ind2=" " ind1=" " tag="720">
      <subfield code="a">Vivanco-Hidalgo, Rosa Maria</subfield>
      <subfield code="e">author</subfield>
   </datafield>
   <datafield ind2=" " ind1=" " tag="260">
      <subfield code="c">2024-04-17T06:54:11Z</subfield>
   </datafield>
   <datafield ind2=" " ind1=" " tag="260">
      <subfield code="c">2024-04-17T06:54:11Z</subfield>
   </datafield>
   <datafield ind2=" " ind1=" " tag="260">
      <subfield code="c">2023</subfield>
   </datafield>
   <datafield ind2=" " ind1=" " tag="520">
      <subfield code="a">Ultrasonografía endobronquial; Broncoscopia; Endosonografía; Cáncer de pulmón</subfield>
   </datafield>
   <datafield ind2=" " ind1=" " tag="520">
      <subfield code="a">Ultrasonografia endobronquial; Broncoscopia; Endosonografia; Càncer de pulmó</subfield>
   </datafield>
   <datafield ind2=" " ind1=" " tag="520">
      <subfield code="a">Endobronchial ultrasound; Bronchoscopy; Endosonography; Lung cancer</subfield>
   </datafield>
   <datafield ind2=" " ind1=" " tag="520">
      <subfield code="a">El objetivo del presente informe de ETS es evaluar la seguridad, eficacia y coste-efectividad del EBUSTBNA y RP-EBUS para el diagnóstico, estadio y/o localización de afecciones malignas y benignas de pulmón en&#xd;
comparación con otras técnicas mínimamente invasivas (broncoscopia convencional) y las técnicas quirúrgicas de&#xd;
muestreo o la TBNA a ciegas. Específicamente, se responderá a tres preguntas de investigación:&#xd;
Pregunta 1: Evaluación del EBUS-TBNA para el diagnóstico y/o estadificación de pacientes adultos con&#xd;
cáncer de pulmón, procesos linfoproliferativos o adenopatías mediastínicas sospechosas de metástasis de otras&#xd;
neoplasias primarias, en comparación con la c-TBNA o las técnicas quirúrgicas de muestreo (mediastinoscopia o&#xd;
toracoscopia).&#xd;
Pregunta 2: Evaluación del EBUS-TBNA para el diagnóstico de adenopatías mediastínicas benignas&#xd;
causadas por la sarcoidosis pulmonar o la infección por tuberculosis en pacientes de todas las edades, en&#xd;
comparación con la c-TBNA o las técnicas quirúrgicas de muestreo (mediastinoscopia o toracoscopia).&#xd;
Pregunta 3: Evaluación del RP-EBUS para la localización y posterior muestreo de lesiones pulmonares&#xd;
periféricas en pacientes adultos con sospecha de cáncer de pulmón o metástasis pulmonares, en comparación con&#xd;
la broncoscopia convencional, las técnicas guiadas por TC y las técnicas quirúrgicas de muestreo (toracoscopia o&#xd;
videotoracoscopia).</subfield>
   </datafield>
   <datafield ind2=" " ind1=" " tag="520">
      <subfield code="a">The aim of this health technology assessment (HTA) report is to evaluate the safety, efficacy, and&#xd;
cost-effectiveness of EBUS-TBNA and RP-EBUS for the diagnosis, staging and/or localization of malignant and&#xd;
benign lung conditions in comparison with other minimally invasive techniques (conventional bronchoscopy) and&#xd;
surgical sampling techniques or blind TBNA. Specifically, three research questions will be answered:&#xd;
Question 1: Evaluation of EBUS-TBNA for the diagnosis and/or staging of adult patients with lung cancer,&#xd;
lymphoproliferative processes or mediastinal adenopathies suspicious for metastases from other primary&#xd;
neoplasms, compared to c-TBNA or surgical sampling techniques (mediastinoscopy or thoracoscopy).&#xd;
Question 2: Evaluation of EBUS-TBNA for the diagnosis of benign mediastinal adenopathy caused by&#xd;
pulmonary sarcoidosis or tuberculosis infection in patients of all ages, compared to c-TBNA or surgical sampling&#xd;
techniques (mediastinoscopy or thoracoscopy).&#xd;
Question 3: Evaluation of RP-EBUS for localization and subsequent sampling of peripheral lung lesions in&#xd;
adult patients with suspected lung cancer or lung metastases, compared to conventional bronchoscopy, CT-guided&#xd;
techniques and surgical sampling techniques (thoracoscopy or videothoracoscopy).</subfield>
   </datafield>
   <datafield ind2=" " ind1=" " tag="520">
      <subfield code="a">L'objectiu del present informe d'avaluació de tecnologies sanitàries és avaluar la seguretat, eficàcia i&#xd;
cost-efectivitat de l’EBUS-TBNA i RP-EBUS per al diagnòstic, estadificació o localització d'afeccions malignes&#xd;
i benignes de pulmó en comparació amb altres tècniques mínimament invasives (broncoscòpia convencional) i les&#xd;
tècniques quirúrgiques de mostreig o la TBNA a cegues. Específicament, es respondrà a tres preguntes de recerca:&#xd;
Pregunta 1: Avaluació de l’EBUS-TBNA per al diagnòstic o estadificació de pacients adults amb càncer de&#xd;
pulmó, processos limfoproliferatius o adenopaties mediastíniques sospitoses de metàstasis d'altres neoplàsies&#xd;
primàries, en comparació amb la c-TBNA o les tècniques quirúrgiques de mostreig (mediastinoscòpia o&#xd;
toracoscòpia).&#xd;
Pregunta 2: Avaluació de l’EBUS-TBNA per al diagnòstic d'adenopaties mediastíniques benignes causades&#xd;
per la sarcoïdosi pulmonar o la infecció per tuberculosi en pacients de totes les edats, en comparació amb la cTBNA o les tècniques quirúrgiques de mostreig (mediastinoscòpia o toracoscòpia).&#xd;
Pregunta 3: Avaluació de l’RP-EBUS per a la localització i posterior mostreig de lesions pulmonars&#xd;
perifèriques en pacients adults amb sospita de càncer de pulmó o metàstasis pulmonars, en comparació amb la&#xd;
broncoscòpia convencional, les tècniques guiades per TC i les tècniques quirúrgiques de mostreig (toracoscòpia o&#xd;
videotoracoscòpia).</subfield>
   </datafield>
   <datafield tag="653" ind2=" " ind1=" ">
      <subfield code="a">Bronquis - Ecografia</subfield>
   </datafield>
   <datafield tag="653" ind2=" " ind1=" ">
      <subfield code="a">Broncoscòpia</subfield>
   </datafield>
   <datafield tag="653" ind2=" " ind1=" ">
      <subfield code="a">Ultrasonografia endoscòpica</subfield>
   </datafield>
   <datafield tag="653" ind2=" " ind1=" ">
      <subfield code="a">Pulmons - Càncer</subfield>
   </datafield>
   <datafield tag="653" ind2=" " ind1=" ">
      <subfield code="a">DISEASES::Neoplasms::Neoplasms by Site::Thoracic Neoplasms::Respiratory Tract Neoplasms::Lung Neoplasms</subfield>
   </datafield>
   <datafield tag="653" ind2=" " ind1=" ">
      <subfield code="a">ANALYTICAL, DIAGNOSTIC AND THERAPEUTIC TECHNIQUES, AND EQUIPMENT::Diagnosis::Diagnostic Techniques and Procedures::Diagnostic Techniques, Respiratory System::Bronchoscopy</subfield>
   </datafield>
   <datafield tag="653" ind2=" " ind1=" ">
      <subfield code="a">ANALYTICAL, DIAGNOSTIC AND THERAPEUTIC TECHNIQUES, AND EQUIPMENT::Diagnosis::Diagnostic Techniques and Procedures::Diagnostic Imaging::Ultrasonography::Endosonography</subfield>
   </datafield>
   <datafield tag="653" ind2=" " ind1=" ">
      <subfield code="a">ENFERMEDADES::neoplasias::neoplasias por localización::neoplasias torácicas::neoplasias del tracto respiratorio::neoplasias pulmonares</subfield>
   </datafield>
   <datafield tag="653" ind2=" " ind1=" ">
      <subfield code="a">TÉCNICAS Y EQUIPOS ANALÍTICOS, DIAGNÓSTICOS Y TERAPÉUTICOS::diagnóstico::técnicas y procedimientos diagnósticos::técnicas diagnósticas respiratorias::broncoscopia</subfield>
   </datafield>
   <datafield tag="653" ind2=" " ind1=" ">
      <subfield code="a">TÉCNICAS Y EQUIPOS ANALÍTICOS, DIAGNÓSTICOS Y TERAPÉUTICOS::diagnóstico::técnicas y procedimientos diagnósticos::diagnóstico por imagen::ecografía::ecoendoscopia</subfield>
   </datafield>
   <datafield ind2="0" ind1="0" tag="245">
      <subfield code="a">Ultrasonografía endobronquial en patología pulmonar maligna y benigna: punción transbronquial guiada por ecografía lineal y ecografía radial; evaluación de la seguridad, eficacia y costeefectividad</subfield>
   </datafield>
</record></metadata></record></GetRecord></OAI-PMH>